Norwich City 10 Goals Or More – Sudden Death - Statistics

General Stats
  • This quiz has been taken 114 times
  • The average score is 14 of 35
Answers on the Grid
Answers color-coded by a green-red scale on the quiz's grid according to % correct below.
Dean Ashton
Ashley Barnes
Emi Buendia
Todd Cantwell
Peter Crouch
Gary Doherty
Kieran Dowell
Robert Earnshaw
Lewis Grabban
Ian Henderson
Onel Hernández
Grant Holt
Wes Hoolahan
Gary Hooper
Jonny Howson
Darren Huckerby
Jordan Hugill
Adam Idah
Simeon Jackson
Cameron Jerome
Bradley Johnson
Kyle Lafferty
James Maddison
Chris Martin
Russell Martin
Dieumerci Mbokani
Cody McDonald
Leon McKenzie
Kenny McLean
Steve Morison
Jacob Murphy
Josh Murphy
Steven Naismith
Michael Nelson
Nélson Oliveira
Anthony Pilkington
Ivo Pinto
Teemu Pukki
Alex Pritchard
Nathan Redmond
Jordan Rhodes
Jonathan Rowe
Borja Sainz
Josh Sargent
Gabriel Sara
Robert Snodgrass
Dennis Srbeny
Marco Stiepermann
Mario Vrančić
Aaron Wilbraham
 
Answer Stats
Answer % Correct
24 Emi Buendia
72%
78 Grant Holt
72%
54 Wes Hoolahan
67%
42 Cameron Jerome
62%
14 Todd Cantwell
62%
48 Darren Huckerby
54%
18 Dean Ashton
51%
23 Jonny Howson
51%
16 James Maddison
49%
13 Lewis Grabban
49%
56 Josh Sargent
46%
21 Simeon Jackson
46%
88 Teemu Pukki
46%
17 Adam Idah
44%
15 Onel Hernández
44%
27 Borja Sainz
41%
20 Gary Hooper
41%
21 Bradley Johnson
38%
34 Chris Martin
38%
21 Gabriel Sara
38%
13 Jonathan Rowe
36%
13 Nathan Redmond
36%
27 Robert Earnshaw
36%
20 Nélson Oliveira
33%
13 Kenny McLean
28%
22 Leon McKenzie
28%
17 Mario Vrančić
28%
12 Kieran Dowell
26%
12 Steve Morison
26%
12 Marco Stiepermann
23%
14 Robert Snodgrass
21%
17 Russell Martin
21%
15 Anthony Pilkington
15%
13 Gary Doherty
13%
20 Josh Murphy
10%
No matching quizzes found
Score Distribution
Percent of People with Each Score
Percentile by Number Answered
Your Score History
You have not taken this quiz